000 00297 a2200085 4500
999 _c20678
_d20678
003 WA 310
005 20230123142934.0
008 230123b xxu||||| |||| 00| 0 pol d
040 _cWA 310
245 0 0 _aWojskowe statki powietrzne - Smarowniczki kulkowe ciśnieniowe Klasyfikacja i wymagania PN-V-82010:1998P /
_cNKP nr 177.
246 1 3 _aPN-V-82010
260 _aWarszawa :
_bNKP nr 177,
_c1999.
300 _a9 stron ;
_c30 cm.
650 _aPolska norma
942 _2ddc
_cBK